Famous Awards - Statistics

General Stats
  • This quiz has been taken 40,319 times
    11,570 since last reset
  • The average score is 12 of 20
Answer Stats
Hint Award % Correct
Greatest benefit to mankind in physics, medicine, peace, etc... {Nobel} Prize
99%
Artistic and technical merit in the U.S. film industry Academy Award
94%
Top U.S. military decoration Medal of {Honor}
89%
A fancy restaurant can earn up to three of these Michelin {Star}
89%
Outstanding achievement in the U.S. music industry Grammy Award
79%
Wounded in battle (U.S.) Purple {Heart}
73%
Merit in the U.S. television industry Emmy Award
72%
Achievements in journalism, music, or literature in the U.S. {Pulitzer} Prize
70%
Top goalscorer in the FIFA World Cup Golden {Boot}
69%
Champions of the National Hockey League {Stanley} Cup
65%
Excellence in Broadway theater Tony Award
62%
Most famous German military decoration {Iron} Cross
59%
Winner of the Masters in golf Green {Jacket}
58%
British version of the above {BAFTA} Award
52%
Leader of the Tour de France Yellow {Jersey}
47%
Top British military decoration {Victoria} Cross
41%
Best NCAA college football player {Heisman} Trophy
39%
Top prize at the Cannes film festival {Palme} d'Or
39%
Best novel written in the English language, originally onlyavailable to Commonwealth citizens {Booker} Prize
21%
Achievements in mathematics by a person under 40 {Fields} Medal
19%
No matching quizzes found
Score Distribution
Percent of People with Each Score
Percentile by Number Answered
Your Score History
You have not taken this quiz since the last reset